From training to performance improvement : Navigating the transition

Bibliographic Details
Main Author: Fuller, Jim
Other Authors: Farrington, Jeanne
Format: Book
Published: San Francisco : Jossey-Bass Pfeiffer , 1999
Subjects:

MARC

LEADER 00000cam a2200000 7i4500
001 0000008393
005 20050420.0
020 |a 0787911208 
040 |a INS 
090 0 0 |a HF5549.5.   |b T7 1999 
100 1 |a Fuller, Jim 
245 1 0 |a From training to performance improvement :   |b Navigating the transition   |c Jim Fuller, Jeanne Farrington 
260 |a San Francisco :   |b Jossey-Bass Pfeiffer ,   |c 1999 
300 |a 215p. ;   |c 23 cm. 
650 0 0 |a Employee motivation 
650 0 0 |a Employees   |x Training of 
650 0 0 |a Labor productivity 
700 1 |a Farrington, Jeanne 
999 |a 0000007938   |b BOOK   |c Open Shelf   |e Default branch